| 000 | 00982nam0a22002771 4500 | ||
|---|---|---|---|
| 001 | rc\3150756 | ||
| 005 | 20250530083857.0 | ||
| 021 |
_aRU _b[75-38116] |
||
| 035 | _a(NLR Aleph) 007321817 | ||
| 090 |
_a5917905 _c5917905 |
||
| 100 | _a20120615d1975 |||y0rusy50 ca | ||
| 101 | 0 | _arus | |
| 102 | _aRU | ||
| 105 | _aab z ||||| | ||
| 200 | 1 |
_aДистанционные методы изучения растительности _fАН СССР. АН ТССР. Ин-т пустынь |
|
| 210 |
_aМосква _cНаука _d1975 |
||
| 215 |
_a132 с., 1 л. ил. _cил., карт. _d22 |
||
| 606 |
_aРастительность _xАэрофотосъемка _2psbo |
||
| 606 |
_aАэроснимки _xДешифрирование геоботаническое _2psbo |
||
| 700 | 1 |
_aХарин _bН.Г. _gНиколай Гаврилович |
|
| 801 | 0 |
_aRU _bNLR _gpsbo |
|
| 801 | 1 |
_aRU _bELAR _2rusmarc |
|
| 852 |
_aNLR _j75-5/1521 |
||
| 942 | _cBOOK | ||
| 980 | _aNB | ||